Schaum`s Outline of Theory & Problems of Introduction to Psychology (Record no. 3992)

MARC details
000 -LEADER
fixed length control field 00440nam a2200169Ia 4500
008 - FIXED-LENGTH DATA ELEMENTS--GENERAL INFORMATION
fixed length control field 221030s9999 xx 000 0 und d
020 ## - INTERNATIONAL STANDARD BOOK NUMBER
ISBN 007058947x
041 ## - LANGUAGE CODE
Language code of text/sound track or separate title
082 ## - DEWEY DECIMAL CLASSIFICATION NUMBER
Classification number 105.23
Item number Wit
100 ## - MAIN ENTRY--AUTHOR NAME
Personal name A. F. Witting
245 #0 - TITLE STATEMENT
Title Schaum`s Outline of Theory & Problems of Introduction to Psychology
Statement of responsibility, etc by A. F. Witting
250 ## - EDITION STATEMENT
Edition statement 2nd
260 ## - PUBLICATION, DISTRIBUTION, ETC. (IMPRINT)
Name of publisher TMH
Place of publication New Delhi
Year of publication 2004
300 ## - PHYSICAL DESCRIPTION
Number of Pages 318
650 ## - SUBJECT ADDED ENTRY--TOPICAL TERM
Topical Term Management
942 ## - ADDED ENTRY ELEMENTS (KOHA)
Koha item type Books
Holdings
Accession Number Cost, normal purchase price Full call number Price effective from Koha item type Withdrawn / writtenoff status Materials specified (bound volume or other part) Damaged status Not for loan Permanent Location Current Location Shelving location Date acquired Lost/ Missing status department
MBA 1033 270.00 105.23 Wit 10/30/2022 Books   Print     MIET Library, Jammu MIET Library, Jammu BL-Second, FL-1, CUP-110, SH-1, R-1 11/08/2006   MBA